Music Quiz

Random Music or Lyrics Quiz

Wonderful World Lyrics Quiz Stats

 Plays Quiz Updated Jun 20, 2019

Score 0/118 Timer 05:00
7 Plays Today
% Correct
a
97.8%
a
97.8%
a
97.8%
a
97.8%
a
97.8%
I
97.5%
I
97.5%
I
97.5%
I
97.5%
I
97.5%
I
97.5%
I
97.5%
I
97.5%
I
97.5%
I
97.5%
I
97.5%
wonderful
96.1%
wonderful
96.1%
wonderful
96.1%
wonderful
96.1%
what
96%
world.
96%
what
96%
world.
96%
what
96%
world
96%
what
96%
world.
96%
to
92.8%
to
92.8%
to
92.8%
to
92.8%
see
91.7%
see
91.7%
see
91.7%
see
91.7%
and
89.4%
and
89.4%
and
89.4%
And
89.4%
% Correct
myself
88.3%
myself
88.3%
myself
88.3%
myself
88.3%
of
87.8%
of
87.8%
of
87.8%
of
87.8%
of
87.8%
think
86.4%
think
86.4%
think
86.4%
think
86.4%
green,
83.1%
you;
82.6%
you
82.6%
you.
82.6%
red
81.6%
too.
80.9%
The
80.5%
the
80.5%
the
80.5%
roses
78.9%
blue,
77%
trees
75%
me
72.6%
skies
71.8%
for
65.3%
for
65.3%
white,
62.7%
them
61.8%
them
61.8%
clouds
61.7%
love
61.5%
do
57.2%
do,
57.2%
in
56.6%
sky
56.5%
so
56.4%
how
54.2%
% Correct
bloom,
51.4%
rainbow,
51.2%
sayin'
50.8%
sayin'
50.8%
nights,
50.2%
colors
49.5%
days,
45.6%
friends
44.8%
people
44.7%
hands,
43.8%
by.
43.7%
pretty
43%
shaking
42.7%
They're
42.3%
dark
41.8%
really
41.7%
on
41.2%
are
40.5%
know.
40.1%
bright
39.3%
Yes
39.3%
grow,
37.9%
hear
37.8%
watch
37.6%
babies
36.5%
ever
36.4%
cry,
35.9%
than
35.4%
faces,
35.3%
more,
35%
I'll
33.9%
much
33.6%
going
33.3%
they'll
31%
blessed
29.3%
sacred
29.2%
learn
29.2%
also
28.7%

You're not logged in!

Compare scores with friends on all Sporcle quizzes.
OR
Log In

Sporcle TV

Today on Sporcle TV


Watch our educational content, quiz creation guides, and fun videos on Sporcle TV.

Show Comments

Extras

Top Quizzes Today


Score Distribution

Your Account Isn't Verified!

In order to create a playlist on Sporcle, you need to verify the email address you used during registration. Go to your Sporcle Settings to finish the process.

Report this User

Report this user for behavior that violates our Community Guidelines.

Details: